| 000 | 01129nam0a2200301 4500 | ||
|---|---|---|---|
| 001 | RU\NLR\bibl\1903297 | ||
| 005 | 20260412063535.0 | ||
| 010 |
_a978-5-699-55841-4 _91000 |
||
| 021 |
_aRU _b2012-30823 _92284 |
||
| 021 |
_aRU _b2012-26191 _9223д/12 |
||
| 035 | _a(NLR Aleph) 001892904 | ||
| 090 |
_a2944051 _c2944050 |
||
| 100 | _a20120515d2012 |||y0rusy50 ca | ||
| 101 | 1 |
_arus _cita |
|
| 102 | _aRU | ||
| 105 | _ay ||||||||| | ||
| 200 | 1 |
_aБожественная Комедия _fДанте Алигьери _g[пер. с ит., вступ. ст. и коммент. М.Л. Лозинского] |
|
| 210 |
_aМосква _cЭКСМО _d2012 |
||
| 215 |
_a861, [1] с. _d22 |
||
| 225 | 1 | _aСерия "Большая книга" | |
| 686 | _aШ6(4Ит)437-5я44{Лх1602} | ||
| 700 | 0 |
_4070 _7ca _8rus _aДанте Алигьери _f1265-1321 _9122012 _3RU\NLR\AUTH\7712289 |
|
| 702 | 1 |
_4730 _7ca _8rus _aЛозинский _bМ. Л. _f1886-1955 _gМихаил Леонидович _949067 _3RU\NLR\auth\7766138 |
|
| 801 | 0 |
_aRU _bNLR _c20120515 _gRCR |
|
| 801 | 1 |
_aRU _bNLR _c20120515 |
|
| 942 | _cBOOK | ||
| 980 | _aNB | ||